000 00421nam a2200157Ia 4500
008 130318s9999 xx 000 0 und d
020 _a9788131207260
082 _a004.22 HEN/C
100 _aHennessy, John L
245 _aComputer architecture: A quantitative approach
250 _a4
260 _bMorgan Kaufmann
_aNew Delhi
_c1990
300 _a423
650 _aCOMPUTER ARCHITECTURE
700 _aPatterson, David A
999 _c1870
_d1870